Language Quiz

Random Language or Country Quiz

Country Rhymes Quiz Stats

 Plays Quiz Updated Feb 20, 2019

     
Support Sporcle.
Go Orange.
Score 0/24 Timer 05:00
0 Plays Today
Clue Rhyme % Correct
Your sibling's daughter in AthensGreece niece
92.1%
The cha-cha-cha in ParisFrance dance
88%
A large brass instrument played in HavanaCuba tuba
87.1%
A hopping marsupial found in LimaPeru kangaroo
76.5%
The opening between rooms in OsloNorway doorway
72.2%
An idyllic paradise in StockholmSweden eden
70.6%
One of Columbus's ships in SeoulSouth Korea Santa Maria
59.9%
What you use to think in KievUkraine brain
53.8%
Where students eat in DamascusSyria cafeteria
53.2%
NASCAR driver Jeff in AmmanJordan Gordon
47.1%
Strong bone below the knee in TripoliLibya tibia
45.1%
A short-lived trend in N'DjamenaChad fad
40.7%
Clue Rhyme % Correct
What an acrobat hangs from in BelmopanBelize trapeze
39.4%
A dish of cooked snails eaten in OaxacaMexico escargot
38.2%
A Civic driven in KampalaUganda Honda
31%
A wheat or corn tortilla eaten in RabatMorocco taco
29.4%
A constrictor snake in ApiaSamoa boa
28.7%
Pepsi or Coke in LuandaAngola cola
26.7%
What a relay runner passes in MuscatOman baton
24.5%
Post-Impressionist painter Paul in TokyoJapan Gauguin
24.1%
Rubber-bladed car-cleaning tool in SuvaFiji squeegee
21.7%
Mickey's companion in ConakryGuinea Minnie
19.4%
A foolish or absurd action in BamakoMali folly
10.5%
A grazing bovine in MelekeokPalau cow
10%

From the Vault

Onion Story or Real Story? III

by hscer

The difference is so small, it makes us feel kind of bad.
Remove Ads.
Support Sporcle.
Get the best of Sporcle when you Go Orange. This ad-free experience offers more features, more stats, and more fun while also helping to support Sporcle. Thank you for becoming a member.

Show Comments

Extras

Top Quizzes Today


Score Distribution

Your Account Isn't Verified!

In order to create a playlist on Sporcle, you need to verify the email address you used during registration. Go to your Sporcle Settings to finish the process.

Report this User

Report this user for behavior that violates our Community Guidelines.

Details: